000 01182cam a2200289 i 4500
001 16165
003 DO-SdUEMH
005 20260115211724.0
007 ta
008 211105s2000 dr a|||gr|||| 000 0 spa|d
040 _aDO-SdUEMH
_bspa
_erda
041 _aspa
082 1 4 _mRD
_aRD307.76729368 R426C
_bR426pu
084 _b10-00178
100 _aCorral, Julio C.
_eaut
245 1 0 _aLineamientos de políticas de desarrollo urbano para la ciudad de puerto plata /
_cJulio C. Corral, Rosa María, Niurka Gómez, Yessica Vargas, Yenny Alba Angela Malagón, Yoselín Cespedes ; prólogo: Mercedes Sabater de Macarrulla
246 _aPuerto plata :
_blineamientos de políticas de desarrollo urbano
260 _c2006
264 0 1 _aSantiago de los Caballeros :
_bCEUR / PUCMM,
_c2006
300 _a177 páginas :
_bilustraciones ;
_c28 cm.
336 _2rdacontent
_atexto
_btxt
337 _2rdamedia
_asin mediación
_bn
338 _2rdacarrier
_avolumen
_bnc
505 2 _aLa ciudad de Puerto Plata en el contexto subregional -- Caracterización de la ciudad de Puerto Plata -- Perfil, escenarios, propuestas y lineamientos de políticas.
942 _2ddc
_cBK
_n0
999 _c16165
_d16165